000 01712cam a22003977a 4500
001 16212044
003 NUST - PNEC
005 20170116181134.0
008 100430r20102009enkab b 000 0 eng
010 _a 2010293114
020 _a9780195479270
020 _a0195479270
040 _aDLC
_cLIBRARY
_dDLC
043 _aa-ii---
_aa-pk---
050 0 0 _aDS385.J5
_bS56 2010
082 0 0 _a954.0357092 SIN
100 1 _aSingh, Jaswant,
_d1938-
245 1 0 _aJinnah : India, partition, independence /
_cJaswant Singh.
260 _aOxford ;
_aNew York :
_bOxford University Press,
_c2010.
300 _axv, 550 p. :
_bill., maps ;
_c25 cm.
500 _a"1st pub. by Rupa & Co., New Delhi 2009"--t.p. verso.
504 _aIncludes bibliographical references (p. [493]-537) and index.
520 _aBiography of Mohammed Ali Jinnah, 1876-1948, statesman and founder of Pakistan.
600 1 0 _aJinnah, Mahomed Ali,
_d1876-1948.
650 0 _aStatesmen
_zPakistan
_vBiography.
650 0 _aPoliticians
_zIndia
_vBiography.
_xGeneral
650 0 _aPakistan movement.
651 0 _aIndia
_xPolitics and government
_y1919-1947.
651 0 _aIndia
_xHistory
_yPartition, 1947.
856 4 1 _3Table of contents only
_uhttp://www.loc.gov/catdir/enhancements/fy1009/2010293114-t.html
856 4 2 _3Publisher description
_uhttp://www.loc.gov/catdir/enhancements/fy1009/2010293114-d.html
856 4 2 _3Contributor biographical information
_uhttp://www.loc.gov/catdir/enhancements/fy1009/2010293114-b.html
906 _a7
_bcbc
_corigres
_d2
_encip
_f20
_gy-gencatlg
942 _2ddc
_cBK
999 _c70133
_d70133